Pazifisches Inselforum - Statistiken

Allgemein
  • Dieses Quiz wurde 27 mal gespielt
  • Das Durchschnittsergebnis liegt bei 15 aus 20
Antwortstatistiken
Status Staat % Korrekt
Mitglied Mikronesien
100%
Mitglied Palau
100%
Mitglied Salomonen
100%
Mitglied Samoa
100%
Mitglied Fidschi
96%
Mitglied Tuvalu
96%
Mitglied Vanuatu
96%
Mitglied Nauru
91%
Mitglied Neuseeland
91%
Mitglied Kiribati
87%
Mitglied Marshallinseln
87%
Mitglied Tonga
87%
Mitglied Australien
83%
Mitglied Papua-Neuguinea
78%
Mitglied (zuFrankreich) Neukaledonien
57%
Mitglied (zuNeuseeland) Cookinseln
43%
Mitglied (zuFrankreich) Französisch-Polynesien
39%
Mitglied (zuNeuseeland) Niue
26%
assoziiertes Mitglied(zu Neuseeland) Tokelau
13%
assoziiertes Mitglied(zu Frankreich) Wallis und Futuna
13%
Keine übereinstimmenden Quizze gefunden
Verteilung der Resultate
Anzahl Personen mit jedem Resultat
Perzentil nach korrekt beantworteten Fragen
Ihre Resultats-Entwicklung
Sie haben dieses Quiz noch nicht gespielt